Contenidos básicos de estadística descriptiva / (Registro nro. 16178)

Detalles MARC
000 -LEADER
campo de control de longitud fija 01413nam a22003014aa4500
003 - IDENTIFICADOR DE NÚMERO DE CONTROL
campo de control BOFEUTO
005 - FECHA Y HORA DE LA ÚLTIMA TRANSACCIÓN
campo de control 20260519153028.0
008 - DATOS DE LONGITUD FIJA--INFORMACIÓN GENERAL
campo de control de longitud fija 260605t2026 bo gr 000 f spa d
017 ## - NÚMERO DE COPYRIGHT O DE DEPÓSITO LEGAL
Número de copyright o de depósito legal 4-193767-2026
020 ## - NÚMERO INTERNACIONAL ESTÁNDAR DEL LIBRO
Número Internacional Estándar del Libro 978-9917-663-28-7
040 ## - FUENTE DE CATALOGACIÓN
Enlace BOFEUTO
Centro catalogador/agencia de origen BOFEUTO
Centro/agencia transcriptor BOFEUTO
082 ## - NÚMERO DE LA CLASIFICACIÓN DECIMAL DEWEY
Número de clasificación 519.5
Número de ítem H531c
100 ## - ENTRADA PRINCIPAL--NOMBRE DE PERSONA
Nombre de persona Herrera Leniz, Miguel
Término indicativo de función/relación autor
245 ## - MENCIÓN DEL TÍTULO
Título Contenidos básicos de estadística descriptiva /
Mención de responsabilidad, etc. Miguel Herrera Leniz
246 ## - FORMA VARIANTE DEL TITULO
Título propio/Titulo breve Basic contents of descriptive statistic
250 ## - MENCION DE EDICION
Mención de edición 6ta. ed.
260 ## - PUBLICACIÓN, DISTRIBUCIÓN, ETC.
Lugar de publicación, distribución, etc. Oruro :
Nombre del editor, distribuidor, etc. Latinas,
Fecha de publicación, distribución, etc. 2026.
300 ## - DESCRIPCIÓN FÍSICA
Extensión 252p. ;
Otras características físicas ilus. ;
Dimensiones 20.50 cm.
500 ## - NOTA GENERAL
Nota general Incluye bibliografía, apéndice, fórmulas estadísticas.
505 ## - NOTA DE CONTENIDO CON FORMATO
Nota de contenido con formato CAPÍTULO 1. Nociones fundamentales de estadística CAPÍTULO 2. Distribución unidimensional de frecuencias CAPÍTULO 3. Medidas de tendencia central y de puntuación CAPÍTULO 4. Medidas de dispersión CAPÍTULO 5. Medidas de asimetría y kurtosis CAPÍTULO 6. Distribuciones bidimensionales CAPÍTULO 7. Regresión y correlación CAPÍTULO 8. Análisis de series de tiempo CAPÍTULO 9. Números índices CAPÍTULO 10. Estadística de atributos CAPÍTULO 11. Muestreo estadístico.
650 ## - PUNTO DE ACCESO ADICIONAL DE MATERIA--TÉRMINO DE MATERIA
Término de materia o nombre geográfico como elemento de entrada Estadística descriptiva
653 ## - TÉRMINO DE INDIZACIÓN--NO CONTROLADO
Término no controlado Metodología de una investigación estadística
653 ## - TÉRMINO DE INDIZACIÓN--NO CONTROLADO
Término no controlado Distribuciones
653 ## - TÉRMINO DE INDIZACIÓN--NO CONTROLADO
Término no controlado Media aritmética
653 ## - TÉRMINO DE INDIZACIÓN--NO CONTROLADO
Término no controlado Varianza
653 ## - TÉRMINO DE INDIZACIÓN--NO CONTROLADO
Término no controlado Muestreo
942 ## - ELEMENTOS DE ENTRADA SECUNDARIOS (KOHA)
Fuente del sistema de clasificación o colocación Clasificación Decimal Dewey
Tipo de ítem Koha Libros
Suprimir en OPAC No
Existencias
Estatus retirado Estado de pérdida Fuente del sistema de clasificación o colocación Estado de daño No para préstamo Biblioteca de origen Biblioteca actual Fecha de adquisición Fuente de adquisición Número de inventario Total de préstamos Signatura topográfica completa Código de barras Visto por última vez Copia número Precio de reemplazo Tipo de ítem Koha
No dañado Disponible Clasificación Decimal Dewey No Dañado Disponible Biblioteca Campus Economía Biblioteca Campus Economía 06/05/2026 Donación 15485   519.5/H531a/2026 15485 19/05/2026 Ej.1 19/05/2026 Libros
No dañado Disponible Clasificación Decimal Dewey No Dañado Disponible Biblioteca Campus Economía Biblioteca Campus Economía 06/05/2026 Donación 2059   519.5/H531a/2026 BCAMP2059 19/05/2026 Ej.1 19/05/2026 Libros
No dañado Disponible Clasificación Decimal Dewey No Dañado Disponible Biblioteca Campus Economía Biblioteca Campus Economía 06/05/2026   2060   519.5/H531a/2026 BCAMP2060 19/05/2026 Ej.1 19/05/2026 Libros
No dañado Disponible Clasificación Decimal Dewey No Dañado Disponible Biblioteca Central Biblioteca Central 06/05/2026 Donación 15486   519.5/H531a/2026 15486 19/05/2026 Ej.1 19/05/2026 Libros
No dañado Disponible Clasificación Decimal Dewey No Dañado Disponible Biblioteca Central Biblioteca Central 06/05/2026 Donación 15484   519.5/H531a/2026 15484 19/05/2026 Ej.1 19/05/2026 Libros

Biblioteca Central
Dirección: Calle Cochabamba entre 6 de Octubre y Potosí s/n
Teléfono: (591-2)5281707 - 2-52-38450
Contacto: biblioteca.central@gmail.com